[Event "Iberoamerican-ch 9th"]
[Site "Panama City"]
[Date "2023.11.28"]
[Round "5"]
[White "Wong Pages, Juan Diego"]
[Black "Pelaez De la Cruz, Angel David"]
[Result "1-0"]
[WhiteElo "1988"]
[BlackElo "1511"]
[PlyCount "35"]
[EventDate "2023.11.25"]
[EventType "swiss"]
[EventRounds "9"]
[EventCountry "PAN"]
[SourceTitle "CB49_2023"]
[SourceDate "2023.12.06"]
[SourceVersion "1"]
[SourceVersionDate "2023.12.06"]
[SourceQuality "1"]

1. e4 c5 2. Nf3 Nc6 3. Nc3 e6 4. d4 d5 5. exd5 exd5 6. Be3 Nf6 7. h3 b6 8. Bb5 Bb7 9. Ne5 Qc7 10. Qe2 Bd6 11. Nxc6 Bxc6 12. dxc5 bxc5 13. Bxc5+ Ne4 14. Bxd6 Qxd6 15. Nxe4 Qe6 16. Nf6+ gxf6 17. Qxe6+ fxe6 18. Bxc6+ 1-0

[Event "ECU-ch"]
[Site "Quito"]
[Date "2023.06.23"]
[Round "5"]
[White "Wong Pages, Juan Diego"]
[Black "Chang Suarez, Andres Felipe"]
[Result "1/2-1/2"]
[WhiteElo "1955"]
[BlackElo "1960"]
[PlyCount "41"]
[EventDate "2023.06.21"]
[EventType "swiss"]
[EventRounds "9"]
[EventCountry "ECU"]
[SourceTitle "CBM 215 Extra"]
[Source "ChessBase"]
[SourceDate "2023.09.30"]
[SourceVersion "1"]
[SourceVersionDate "2023.09.30"]
[SourceQuality "1"]

1. e4 e6 2. d4 d5 3. Nd2 c5 4. exd5 exd5 5. Bb5+ Bd7 6. Qe2+ Be7 7. Bxd7+ Nxd7 8. Ngf3 Ngf6 9. dxc5 0-0 10. Nb3 Re8 11. 0-0 Nxc5 12. Qd1 Nxb3 13. axb3 h6 14. Be3 a6 15. Qd3 Qc7 16. h3 Bc5 17. Bd4 Bxd4 18. Nxd4 Re4 19. f3 Re5 20. Rae1 Rae8 21. Qd2 1/2-1/2

[Event "ECU-ch"]
[Site "Quito"]
[Date "2023.06.21"]
[Round "2"]
[White "Esmeraldas Huachi, Anderson Yahir"]
[Black "Wong Pages, Juan Diego"]
[Result "1-0"]
[WhiteElo "2141"]
[BlackElo "1955"]
[PlyCount "103"]
[EventDate "2023.06.21"]
[EventType "swiss"]
[EventRounds "9"]
[EventCountry "ECU"]
[SourceTitle "CBM 215 Extra"]
[Source "ChessBase"]
[SourceDate "2023.09.30"]
[SourceVersion "1"]
[SourceVersionDate "2023.09.30"]
[SourceQuality "1"]

1. d4 Nf6 2. Nf3 g6 3. Bf4 Bg7 4. e3 0-0 5. h3 d6 6. Be2 Nbd7 7. 0-0 Re8 8. Bh2 c5 9. Nbd2 cxd4 10. exd4 b6 11. c3 Bb7 12. a4 a6 13. Re1 Rc8 14. Qb3 d5 15. Ne5 Nxe5 16. Bxe5 Nd7 17. Bxg7 Kxg7 18. Nf3 Qc7 19. Bd3 Qd6 20. Re3 f6 21. Rae1 e5 22. dxe5 fxe5 23. Qd1 Qf6 24. Nh2 e4 25. Bxe4 dxe4 26. Qxd7+ Re7 27. Qd2 Rf7 28. Rd1 Rd8 29. Qxd8 Qxf2+ 30. Kh1 Qxe3 31. Ng4 Qc5 32. Rd7 Qf5 33. Rxf7+ Qxf7 34. Qd4+ Kf8 35. Qxb6 Qf1+ 36. Qg1 Qc4 37. Qf2+ Ke8 38. Nf6+ Ke7 39. Nxh7 Qxa4 40. Qf6+ Kd7 41. Nf8+ Kc8 42. Qe6+ Kb8 43. Qd6+ Ka7 44. Nd7 Qa1+ 45. Kh2 a5 46. Qb6+ Ka8 47. Nc5 Bc8 48. Qc7 Qxb2 49. Qxc8+ Ka7 50. Qa6+ Kb8 51. Qxa5 e3 52. Qb4+ 1-0

[Event "Cali Valle Colombia op-B"]
[Site "Cali Valle Colombia"]
[Date "2022.12.28"]
[Round "4"]
[White "Pereira Vera, Henry Alberto"]
[Black "Wong Pages, Juan Diego"]
[Result "0-1"]
[WhiteElo "1760"]
[BlackElo "2011"]
[PlyCount "46"]
[EventDate "2022.12.26"]
[EventType "swiss"]
[EventRounds "8"]
[EventCountry "COL"]
[SourceTitle "CBM 211 Extra"]
[Source "ChessBase"]
[SourceDate "2023.01.31"]
[SourceVersion "1"]
[SourceVersionDate "2023.01.31"]
[SourceQuality "1"]

1. b3 Nf6 2. Bb2 g6 3. Bxf6 exf6 4. c4 Bg7 5. Nc3 b6 6. Nf3 Bb7 7. e3 f5 8. Rc1 0-0 9. d4 f4 10. exf4 Re8+ 11. Kd2 Qf6 12. d5 Qxf4+ 13. Kc2 c6 14. Bd3 Na6 15. Kb2 Nb4 16. a3 Nxd3+ 17. Qxd3 cxd5 18. cxd5 Rec8 19. Ka2 Rc5 20. Rhd1 Rac8 21. Ne2 Qf6 22. Qb1 Bxd5 23. Rxd5 Rc2+ 0-1

[Event "Sabaneta op-A 1st"]
[Site "Sabaneta"]
[Date "2022.12.01"]
[Round "10"]
[White "Cordoba Roa, Angel Gabriel"]
[Black "Wong Pages, Juan Diego"]
[Result "1-0"]
[WhiteElo "2126"]
[BlackElo "2011"]
[PlyCount "85"]
[EventDate "2022.11.25"]
[EventType "swiss"]
[EventRounds "10"]
[EventCountry "COL"]
[SourceTitle "CBM 211 Extra"]
[Source "ChessBase"]
[SourceDate "2023.01.31"]
[SourceVersion "1"]
[SourceVersionDate "2023.01.31"]
[SourceQuality "1"]

1. e4 c5 2. Nf3 d6 3. d4 cxd4 4. Nxd4 Nf6 5. Nc3 g6 6. Be3 Bg7 7. f3 0-0 8. Qd2 Nc6 9. 0-0-0 Nxd4 10. Bxd4 Qa5 11. Kb1 Rd8 12. h4 e5 13. Be3 Be6 14. a3 a6 15. Qf2 Qc7 16. Bb6 Qc6 17. Bxd8 Rxd8 18. g4 b5 19. Qd2 Qb6 20. h5 Bf8 21. hxg6 fxg6 22. g5 Nh5 23. Bh3 Bf7 24. Nd5 Qb7 25. Bg4 Bxd5 26. exd5 Nf4 27. Be6+ Nxe6 28. dxe6 Re8 29. Rh3 Rxe6 30. Rdh1 h5 31. gxh6 Kh7 32. f4 e4 33. Rf1 Qf7 34. Qd4 Qf5 35. Rc3 Qf7 36. Rc6 Qb7 37. Rb6 Qa7 38. Qd5 Qxb6 39. Qxe6 Qb7 40. f5 g5 41. Qg6+ Kh8 42. Qf6+ Kg8 43. Rg1 1-0

[Event "Sabaneta op-A 1st"]
[Site "Sabaneta"]
[Date "2022.11.27"]
[Round "4"]
[White "Ruiz Aguilar, Pablo Alexander"]
[Black "Wong Pages, Juan Diego"]
[Result "1-0"]
[WhiteElo "2188"]
[BlackElo "2011"]
[PlyCount "117"]
[EventDate "2022.11.25"]
[EventType "swiss"]
[EventRounds "10"]
[EventCountry "COL"]
[SourceTitle "CBM 211 Extra"]
[Source "ChessBase"]
[SourceDate "2023.01.31"]
[SourceVersion "1"]
[SourceVersionDate "2023.01.31"]
[SourceQuality "1"]

1. e4 c5 2. Nf3 g6 3. Nc3 Bg7 4. d4 cxd4 5. Nxd4 Nc6 6. Be3 Nf6 7. Bc4 0-0 8. Bb3 Re8 9. f3 e6 10. 0-0 d5 11. exd5 Nxd5 12. Nxd5 exd5 13. Nxc6 bxc6 14. Bd4 Ba6 15. Rf2 Bxd4 16. Qxd4 Qb6 17. Qxb6 axb6 18. Rd2 Re6 19. Kf2 Rae8 20. Rad1 h5 21. h4 Re2+ 22. Kg3 Kg7 23. c3 Kf6 24. Kf4 R8e5 25. Ba4 R2e4+ 26. fxe4 Rxe4+ 27. Kg3 Rg4+ 28. Kf3 Rxa4 29. b4 Ra3 30. Rc2 Bc4 31. Kf4 Ra4 32. Rb2 Ra3 33. Rc1 Ra8 34. Re1 Ra3 35. Rc1 Ra8 36. Rf2 Ra3 37. Rd2 Ra4 38. Re1 Ra3 39. Re3 Bxa2 40. Rf2 Ra7 41. Kg3+ Kg7 42. Re8 d4 43. cxd4 b5 44. Kf4 Bd5 45. Ke5 Ra4 46. Rd8 Bc4 47. Kd6 Bd5 48. Kc5 Be4 49. Rd7 Bd5 50. Rxd5 cxd5 51. Kxb5 Ra1 52. Kc6 Rb1 53. b5 Kf8 54. Re2 Rb4 55. Kc5 Rb3 56. b6 Rb1 57. Kc6 Rb3 58. b7 Rb1 59. Rc2 1-0

[Event "Pan American-ch U20"]
[Site "Pereira"]
[Date "2022.08.28"]
[Round "9"]
[White "Esmeraldas Huachi, Anderson Yahir"]
[Black "Wong Pages, Juan Diego"]
[Result "0-1"]
[WhiteElo "2081"]
[BlackElo "2008"]
[PlyCount "64"]
[EventDate "2022.08.23"]
[EventType "swiss"]
[EventRounds "9"]
[EventCountry "COL"]
[SourceTitle "CBM 210 Extra"]
[Source "ChessBase"]
[SourceDate "2022.11.30"]
[SourceVersion "1"]
[SourceVersionDate "2022.11.30"]
[SourceQuality "1"]

1. d4 d5 2. c4 dxc4 3. e3 e5 4. Bxc4 exd4 5. exd4 Nf6 6. Nf3 Be7 7. Ne5 0-0 8. 0-0 Nbd7 9. Qb3 Nxe5 10. dxe5 Ng4 11. Qc3 Bc5 12. Bxf7+ Rxf7 13. Qxc5 b6 14. Qc4 Nxe5 15. Qe4 Ba6 16. Bg5 Qf8 17. Rd1 Rxf2 18. Nc3 Re8 19. Qd5+ Qf7 20. Re1 Rf5 21. Bh4 Nf3+ 22. Qxf3 Rxe1+ 23. Rxe1 Rxf3 24. gxf3 Qxf3 25. Re8+ Kf7 26. Re1 Kg6 27. Bg3 Bb7 28. Re6+ Kf5 29. Re2 Kg4 30. Be1 Qh1+ 31. Kf2 Qxh2+ 32. Kf1 Ba6 0-1

[Event "Pan American-ch U20"]
[Site "Pereira"]
[Date "2022.08.24"]
[Round "3"]
[White "Garcia De Dios, Jose Antonio"]
[Black "Wong Pages, Juan Diego"]
[Result "1/2-1/2"]
[WhiteElo "2135"]
[BlackElo "2008"]
[PlyCount "71"]
[EventDate "2022.08.23"]
[EventType "swiss"]
[EventRounds "9"]
[EventCountry "COL"]
[SourceTitle "CBM 210 Extra"]
[Source "ChessBase"]
[SourceDate "2022.11.30"]
[SourceVersion "1"]
[SourceVersionDate "2022.11.30"]
[SourceQuality "1"]

1. d4 Nf6 2. c4 g6 3. g3 c6 4. Bg2 d5 5. Nf3 dxc4 6. a4 c5 7. 0-0 cxd4 8. Qxd4 Qxd4 9. Nxd4 Bg7 10. Nb5 Na6 11. N1a3 Nd7 12. Nxc4 0-0 13. Be3 Ndc5 14. Bd4 Bxd4 15. Nxd4 Rd8 16. Rfd1 Rb8 17. h3 Bd7 18. Nb5 Be6 19. Rxd8+ Rxd8 20. Na5 Rd2 21. Nxb7 Nxb7 22. Bxb7 Nc5 23. Bf3 a5 24. Nc7 Bb3 25. Kf1 Rxb2 26. Bc6 Rc2 27. Bb5 Ne4 28. Na6 Nd6 29. Bd3 Rc6 30. Rb1 Bxa4 31. Ra1 Bc2 32. Rc1 Ba4 33. Ra1 Bc2 34. Rc1 Ba4 35. Ra1 Bc2 36. Nb8 1/2-1/2

[Event "Las Americas Team op U2400 Hybrid"]
[Site "Internet"]
[Date "2022.05.14"]
[Round "1.2"]
[White "Magana Arceo, Pablo"]
[Black "Wong Pages, Juan Diego"]
[Result "0-1"]
[WhiteElo "1549"]
[BlackElo "2020"]
[PlyCount "42"]
[EventDate "2022.05.14"]
[EventType "team-swiss"]
[EventRounds "5"]
[EventCountry "VEN"]
[SourceTitle "EXT 2023"]
[Source "ChessBase"]
[SourceDate "2022.10.05"]
[SourceVersion "1"]
[SourceVersionDate "2022.10.05"]
[SourceQuality "1"]

1. e4 c5 2. Nf3 g6 3. d4 cxd4 4. Nxd4 Bg7 5. Be3 Nc6 6. Nc3 Nf6 7. Bc4 0-0 8. Qd2 Ng4 9. Nxc6 bxc6 10. 0-0-0 Nxe3 11. Qxe3 d6 12. f3 Qa5 13. g4 Be6 14. Rdf1 Bxc4 15. Rf2 Rab8 16. h4 Rxb2 17. Kxb2 Rb8+ 18. Kc1 Bxc3 19. h5 Qa3+ 20. Kd1 Rb1+ 21. Qc1 Qxc1# 0-1

[Event "Las Americas Team op U2400 Hybrid"]
[Site "Internet"]
[Date "2022.05.14"]
[Round "5.2"]
[White "Wong Pages, Juan Diego"]
[Black "Ramon Pita, Sergio"]
[Result "1/2-1/2"]
[WhiteElo "2020"]
[BlackElo "1816"]
[PlyCount "115"]
[EventDate "2022.05.14"]
[EventType "team-swiss"]
[EventRounds "5"]
[EventCountry "VEN"]
[SourceTitle "EXT 2023"]
[Source "ChessBase"]
[SourceDate "2022.10.05"]
[SourceVersion "1"]
[SourceVersionDate "2022.10.05"]
[SourceQuality "1"]

1. e4 c5 2. Nf3 d6 3. d4 cxd4 4. Nxd4 Nf6 5. Nc3 g6 6. Be3 Bg7 7. f3 h5 8. Qd2 a6 9. a4 Nbd7 10. a5 Qc7 11. Nb3 b5 12. axb6 Nxb6 13. Qd4 Nbd7 14. Nd5 Qxc2 15. Rc1 Qxb3 16. Nc7+ Kf8 17. Nxa8 Bb7 18. Bc4 Qa4 19. Nb6 Qa5+ 20. Qc3 Qxc3+ 21. bxc3 Ne5 22. Be2 Nc6 23. Rb1 Kg8 24. Kf2 Kh7 25. Nc4 Ba8 26. Rb3 d5 27. Nb6 dxe4 28. Nxa8 Rxa8 29. Rb6 Ne5 30. Bd4 e3+ 31. Bxe3 a5 32. Bd4 Ned7 33. Rb7 e5 34. Ba7 Bf8 35. Bb5 Rxa7 36. Rxa7 Bc5+ 37. Ke2 Bxa7 38. Rd1 Nc5 39. Bc4 Kg7 40. Ra1 a4 41. Kd2 h4 42. Kc2 Nfd7 43. Rb1 f5 44. Bb5 Nb6 45. Bc6 Nc4 46. Rb4 Ne3+ 47. Kb1 Nxg2 48. Bxa4 e4 49. fxe4 fxe4 50. Bd1 g5 51. Rb5 Ne3 52. Be2 Nd5 53. Kc2 Kf6 54. Ra5 Bb6 55. Rb5 Ba7 56. Ra5 Ne3+ 57. Kb1 Nd5 58. Kc2 1/2-1/2

[Event "South America-ch U18 17th"]
[Site "Guayaquil"]
[Date "2022.01.29"]
[Round "7"]
[White "Castillo Gonzalez, Thomas Davis"]
[Black "Wong Pages, Juan Diego"]
[Result "0-1"]
[WhiteElo "1843"]
[BlackElo "1933"]
[PlyCount "104"]
[EventDate "2022.01.25"]
[EventType "swiss"]
[EventRounds "9"]
[EventCountry "ECU"]
[SourceTitle "CBM 206 Extra"]
[Source "ChessBase"]
[SourceDate "2022.03.31"]
[SourceVersion "1"]
[SourceVersionDate "2022.03.31"]
[SourceQuality "1"]

1. c4 c5 2. Nc3 Nc6 3. g3 g6 4. Bg2 Bg7 5. Nf3 e6 6. e4 Nge7 7. 0-0 0-0 8. d3 d6 9. Nh4 Rb8 10. f4 Nd4 11. Be3 Nec6 12. Qd2 a6 13. Kh1 f5 14. exf5 gxf5 15. Nf3 b5 16. cxb5 axb5 17. Bxd4 Nxd4 18. Ne2 Nxf3 19. Bxf3 Qb6 20. Rac1 Bb7 21. b3 Ra8 22. Rc2 Bxf3+ 23. Rxf3 Qb7 24. Kg2 Qd5 25. Nc3 Bxc3 26. Qxc3 Rf7 27. Rcf2 b4 28. Qc4 Rfa7 29. Qb5 Rxa2 30. Rxa2 Rxa2+ 31. Kh3 Qa8 32. Qd7 Qf8 33. Qxe6+ Qf7 34. Qc8+ Kg7 35. g4 fxg4+ 36. Qxg4+ Qg6 37. Qg3 Rc2 38. f5 Qxg3+ 39. hxg3 Rc3 40. Kg4 Rxb3 41. f6+ Kf7 42. Kf5 Rb1 43. Ke4 Rd1 44. Rf2 h5 45. Rh2 Kxf6 46. Rxh5 Re1+ 47. Kf3 b3 48. Rh2 d5 49. Rb2 c4 50. dxc4 dxc4 51. Kf2 Rh1 52. Ke3 c3 0-1

[Event "South America-ch U18 17th"]
[Site "Guayaquil"]
[Date "2022.01.27"]
[Round "4"]
[White "Wong Pages, Juan Diego"]
[Black "Sanchez Arteaga, Alejandro Mathias"]
[Result "1/2-1/2"]
[WhiteElo "1933"]
[BlackElo "1746"]
[PlyCount "108"]
[EventDate "2022.01.25"]
[EventType "swiss"]
[EventRounds "9"]
[EventCountry "ECU"]
[SourceTitle "CBM 206 Extra"]
[Source "ChessBase"]
[SourceDate "2022.03.31"]
[SourceVersion "1"]
[SourceVersionDate "2022.03.31"]
[SourceQuality "1"]

1. e4 c5 2. Nf3 d6 3. Nc3 Nf6 4. d4 cxd4 5. Nxd4 a6 6. Bg5 e6 7. f4 Be7 8. Qf3 Qc7 9. 0-0-0 h6 10. Bh4 Nbd7 11. Bd3 g5 12. fxg5 Ne5 13. Qe2 Nfg4 14. Kb1 hxg5 15. Bg3 Bd7 16. Qd2 Nxd3 17. cxd3 Qb6 18. Nf3 Rc8 19. h3 Ne5 20. Nxe5 dxe5 21. Bxe5 f6 22. Bg3 Bb4 23. Rc1 g4 24. Qf2 Qxf2 25. Bxf2 gxh3 26. Rxh3 Rxh3 27. gxh3 Kf7 28. Ne2 Rxc1+ 29. Kxc1 Kg6 30. a3 Ba5 31. b4 Bd8 32. Kd2 e5 33. Ng1 Be7 34. Ke3 a5 35. Be1 axb4 36. Bxb4 Bxb4 37. axb4 Kh5 38. d4 exd4+ 39. Kxd4 Kh4 40. Ke3 Kg3 41. Ne2+ Kxh3 42. Kf4 Kh4 43. Ng3 b5 44. Nf5+ Kh5 45. Ne7 Kh6 46. Ke3 Kg7 47. Kd4 Kf7 48. Nd5 Ke6 49. Nc7+ Kd6 50. Na6 Bc6 51. Nc5 Kc7 52. Ne6+ Kd6 53. Nc5 Kc7 54. Ne6+ Kd6 1/2-1/2

[Event "South America-ch U18 17th"]
[Site "Guayaquil"]
[Date "2022.01.26"]
[Round "3"]
[White "Varillas Jimenes, Ivan"]
[Black "Wong Pages, Juan Diego"]
[Result "1-0"]
[WhiteElo "1959"]
[BlackElo "1933"]
[PlyCount "77"]
[EventDate "2022.01.25"]
[EventType "swiss"]
[EventRounds "9"]
[EventCountry "ECU"]
[SourceTitle "CBM 206 Extra"]
[Source "ChessBase"]
[SourceDate "2022.03.31"]
[SourceVersion "1"]
[SourceVersionDate "2022.03.31"]
[SourceQuality "1"]

1. e4 c5 2. Nf3 Nc6 3. d4 cxd4 4. Nxd4 g6 5. Nc3 Bg7 6. Be3 Nf6 7. Bc4 0-0 8. Bb3 Re8 9. f4 d6 10. Qf3 Nxd4 11. Bxd4 e5 12. fxe5 dxe5 13. Be3 h6 14. h3 Qe7 15. 0-0 Kh7 16. g4 Be6 17. Rf2 Rf8 18. Raf1 Nd7 19. Qe2 a6 20. Qf3 Rac8 21. Nd5 Bxd5 22. Bxd5 Rc7 23. Bb3 f6 24. h4 f5 25. gxf5 gxf5 26. exf5 Qxh4 27. Rh2 Qf6 28. Rg2 Rc6 29. Qh5 Qe7 30. Be6 Rf6 31. Rf3 Nf8 32. Bb3 Rc7 33. Rfg3 Qb4 34. c3 Qe4 35. Bc2 Qc6 36. Qg4 Qd7 37. Rh2 Qf7 38. Bb3 Qd7 39. Bxh6 1-0

[Event "South America-ch U18 17th"]
[Site "Guayaquil"]
[Date "2022.01.25"]
[Round "1"]
[White "Salgado Villalba, Lucas Martin"]
[Black "Wong Pages, Juan Diego"]
[Result "0-1"]
[WhiteElo "1552"]
[BlackElo "1933"]
[PlyCount "84"]
[EventDate "2022.01.25"]
[EventType "swiss"]
[EventRounds "9"]
[EventCountry "ECU"]
[SourceTitle "CBM 206 Extra"]
[Source "ChessBase"]
[SourceDate "2022.03.31"]
[SourceVersion "1"]
[SourceVersionDate "2022.03.31"]
[SourceQuality "1"]

1. e4 c5 2. Nf3 Nc6 3. c4 g6 4. Nc3 Bg7 5. a3 d6 6. h3 e5 7. Rb1 a5 8. d3 h6 9. Be2 Nge7 10. Nd5 0-0 11. Bd2 Bd7 12. Qc1 Kh7 13. 0-0 f5 14. b4 axb4 15. axb4 Nxd5 16. exd5 Nd4 17. Nxd4 cxd4 18. b5 Qb6 19. Qb2 Rfc8 20. Bb4 f4 21. Qd2 Bf8 22. Rb2 Ra7 23. Rfb1 h5 24. Kh2 Rca8 25. Qd1 Be8 26. g3 Bh6 27. Bd2 Qd8 28. Kg2 b6 29. gxf4 exf4 30. f3 Bd7 31. Bf1 Ra2 32. Kh1 g5 33. Qc2 Rxb2 34. Qxb2 Bg7 35. Be1 Be5 36. Bf2 Ra5 37. Qc2 Ra7 38. Qb2 Qf6 39. Ra1 Rc7 40. Ra6 Rb7 41. Ra4 g4 42. fxg4 hxg4 0-1

[Event "ECU-ch"]
[Site "Salinas"]
[Date "2021.12.18"]
[Round "5"]
[White "Wong Pages, Juan Diego"]
[Black "Badillo Ramos, Michael Steve"]
[Result "1-0"]
[WhiteElo "1901"]
[BlackElo "2108"]
[PlyCount "81"]
[EventDate "2021.12.16"]
[EventType "swiss"]
[EventRounds "7"]
[EventCountry "ECU"]
[SourceTitle "EXT 2023"]
[Source "ChessBase"]
[SourceDate "2022.10.05"]
[SourceVersion "1"]
[SourceVersionDate "2022.10.05"]
[SourceQuality "1"]

1. e4 e6 2. d4 d5 3. Nd2 c5 4. exd5 Qxd5 5. Ngf3 cxd4 6. Bc4 Qd7 7. 0-0 Nc6 8. Nb3 Nf6 9. Nbxd4 Nxd4 10. Nxd4 a6 11. a4 Bc5 12. Nb3 Qxd1 13. Rxd1 Bb6 14. a5 Ba7 15. Be2 e5 16. Bf3 e4 17. Re1 0-0 18. Bd1 Bf5 19. Be3 Bxe3 20. Rxe3 Rfd8 21. Nc5 Rd5 22. Nxb7 Bc8 23. c4 Rd4 24. Nc5 Rxc4 25. Na4 Nd5 26. Rb3 Rc6 27. Nb6 Nxb6 28. Rxb6 Rxb6 29. axb6 Rb8 30. Rc1 Be6 31. Rc6 Kf8 32. Be2 Rc8 33. b7 Rd8 34. Bxa6 Rd1+ 35. Bf1 Rd8 36. h3 Ke7 37. Ba6 Bd5 38. Rc7+ Kf6 39. Rc8 Bxb7 40. Rxd8 Ke7 41. Bxb7 1-0

[Event "ECU-ch"]
[Site "Salinas"]
[Date "2021.12.17"]
[Round "3"]
[White "Wong Pages, Juan Diego"]
[Black "Esmeraldas Huachi, Anderson Yahir"]
[Result "1-0"]
[WhiteElo "1901"]
[BlackElo "2056"]
[PlyCount "61"]
[EventDate "2021.12.16"]
[EventType "swiss"]
[EventRounds "7"]
[EventCountry "ECU"]
[SourceTitle "EXT 2023"]
[Source "ChessBase"]
[SourceDate "2022.10.05"]
[SourceVersion "1"]
[SourceVersionDate "2022.10.05"]
[SourceQuality "1"]

1. e4 c5 2. Nf3 d6 3. d4 cxd4 4. Nxd4 Nf6 5. Nc3 a6 6. Bg5 Nbd7 7. f4 Qc7 8. Qf3 b5 9. a3 Bb7 10. 0-0-0 Rc8 11. Bd3 e6 12. Rhe1 Be7 13. Qg3 Nh5 14. Qh4 Bxg5 15. Qxg5 Qc5 16. Nf5 exf5 17. exf5+ Kf8 18. Qe7+ Kg8 19. Qxd7 Qc6 20. Qe7 Nf6 21. Be4 Nxe4 22. Rxe4 h6 23. Rxd6 Qc5 24. Qxb7 Kh7 25. Rd5 Qg1+ 26. Rd1 Qxg2 27. Qxf7 Rhf8 28. Qg6+ Qxg6 29. fxg6+ Kxg6 30. Re6+ Kh7 31. Rf1 1-0

[Event "South America-ch U20"]
[Site "Guayaquil"]
[Date "2021.11.04"]
[Round "5"]
[White "Wong Pages, Juan Diego"]
[Black "Sanchez Uriguen, Michael Edinson"]
[Result "0-1"]
[WhiteElo "1811"]
[BlackElo "1933"]
[PlyCount "128"]
[EventDate "2021.11.02"]
[EventType "swiss"]
[EventRounds "9"]
[EventCountry "ECU"]
[SourceTitle "CBM 205 Extra"]
[Source "ChessBase"]
[SourceDate "2022.01.31"]
[SourceVersion "1"]
[SourceVersionDate "2022.01.31"]
[SourceQuality "1"]

1. e4 c5 2. Nf3 d6 3. d4 cxd4 4. Nxd4 g6 5. Nc3 Bg7 6. Be3 Nf6 7. f3 a6 8. Qd2 b5 9. a4 b4 10. Na2 a5 11. Bb5+ Bd7 12. c3 bxc3 13. Nxc3 0-0 14. 0-0 Na6 15. Nc6 Bxc6 16. Bxc6 Rb8 17. Bb5 Nc7 18. Rfd1 Nd7 19. Bd4 Nc5 20. Qc2 Bxd4+ 21. Rxd4 e5 22. Rc4 N5e6 23. b4 Nd4 24. Qa2 axb4 25. Rxb4 Qg5 26. Qf2 Rfc8 27. h4 Qh6 28. Rb2 Ncxb5 29. Nxb5 Qf4 30. Qd2 Qxd2 31. Rxd2 Nb3 32. Rad1 Nxd2 33. Rxd2 Rc4 34. Rxd6 Rxa4 35. Nc3 Rc4 36. Nd5 h5 37. Nb6 Rc2 38. Nd7 Rb1+ 39. Kh2 Rbb2 40. Nxe5 Rxg2+ 41. Kh1 Rh2+ 42. Kg1 Rxh4 43. Nc4 Ra2 44. Nd2 Kg7 45. Kg2 Rf4 46. Kg3 g5 47. Rd5 Kg6 48. Rd3 f6 49. Nf1 Ra1 50. Nh2 Rg1+ 51. Kf2 Ra1 52. Kg3 Ra2 53. Rc3 Rh4 54. Nf1 Rh1 55. Ne3 Rah2 56. Ng2 h4+ 57. Nxh4+ Rxh4 58. Rc6 Re1 59. Kf2 Ra1 60. e5 Rf4 61. e6 Ra3 62. Rc8 Rfxf3+ 63. Kg2 Rfe3 64. Rc6 Kf5 0-1

[Event "Preinscritos IRT Online"]
[Site "Chess.com INT"]
[Date "2020.12.26"]
[Round "9"]
[White "Noboa Silva, Kevin Omar"]
[Black "Wong Pages, Juan Diego"]
[Result "1-0"]
[WhiteElo "2412"]
[BlackElo "2159"]
[PlyCount "91"]
[EventDate "2020.12.26"]
[EventType "swiss"]
[EventRounds "11"]
[EventCountry "ECU"]
[SourceTitle "CBM 200 Extra"]
[Source "ChessBase"]
[SourceDate "2021.03.31"]
[SourceVersion "1"]
[SourceVersionDate "2021.03.31"]
[SourceQuality "1"]

1. d4 Nf6 2. c4 g6 3. Nc3 d5 4. cxd5 Nxd5 5. Bd2 Nb6 6. Nf3 Bg7 7. e3 0-0 8. Be2 c6 9. 0-0 N8d7 10. Re1 e5 11. h3 exd4 12. exd4 h6 13. Bf4 Nf6 14. Qd2 Kh7 15. Rad1 Nfd5 16. Be5 Be6 17. Bxg7 Kxg7 18. Ne5 Qf6 19. Ne4 Qf4 20. Nc5 Qxd2 21. Rxd2 Rab8 22. Bf3 Rfd8 23. a3 a5 24. h4 Ne7 25. h5 Bd5 26. hxg6 Bxf3 27. Nxf7 Nxg6 28. Nxd8 Bd5 29. Nde6+ Kf6 30. Nc7 Nf4 31. g3 Nh3+ 32. Kh2 Ng5 33. Nxd5+ cxd5 34. Kg2 Rc8 35. f4 Ne4 36. Nxe4+ dxe4 37. Rxe4 Nd5 38. Re5 Nb6 39. Rde2 Rc6 40. Rxa5 Nc4 41. Rb5 b6 42. a4 Nd6 43. Rh5 Kg6 44. Rhe5 Kf6 45. Re6+ Kf7 46. Rxh6 1-0

[Event "Preinscritos IRT Online"]
[Site "Chess.com INT"]
[Date "2020.12.26"]
[Round "8"]
[White "Wong Pages, Juan Diego"]
[Black "Miranda Vargas, Analia Karen"]
[Result "1-0"]
[WhiteElo "2159"]
[BlackElo "1933"]
[PlyCount "143"]
[EventDate "2020.12.26"]
[EventType "swiss"]
[EventRounds "11"]
[EventCountry "ECU"]
[SourceTitle "CBM 200 Extra"]
[Source "ChessBase"]
[SourceDate "2021.03.31"]
[SourceVersion "1"]
[SourceVersionDate "2021.03.31"]
[SourceQuality "1"]

1. e4 Nf6 2. e5 Nd5 3. d4 d6 4. c4 Nb6 5. exd6 exd6 6. Be3 Be7 7. Nc3 0-0 8. Nf3 Nc6 9. b3 Bf5 10. Be2 Bf6 11. Rc1 Re8 12. 0-0 d5 13. c5 Nd7 14. Nxd5 Be4 15. Nxf6+ Nxf6 16. Bb5 Nd5 17. Bxc6 bxc6 18. Ne5 Qf6 19. Qg4 Bf5 20. Qg3 h5 21. Bg5 Qe6 22. Rce1 f6 23. Nf3 Qf7 24. Bf4 Bd3 25. Rxe8+ Rxe8 26. Re1 Nc3 27. Ne5 fxe5 28. Qxd3 exd4 29. Rxe8+ Qxe8 30. g3 Qe1+ 31. Kg2 Qe4+ 32. Qxe4 Nxe4 33. Kf3 Nxc5 34. Bxc7 Ne6 35. Bb8 a6 36. Ke4 Kf7 37. Ba7 Ng5+ 38. Kxd4 Ne6+ 39. Ke3 Kf6 40. h4 Ke5 41. b4 Kd5 42. Kd3 Nc7 43. a4 Ne8 44. Bd4 g6 45. Bb2 Nd6 46. Bc1 Ne4 47. Ke3 Nc3 48. a5 Na2 49. Bd2 Kc4 50. f3 Nxb4 51. Bxb4 Kxb4 52. g4 c5 53. gxh5 gxh5 54. f4 c4 55. f5 Kb3 56. f6 c3 57. f7 c2 58. f8Q c1Q+ 59. Ke4 Qc4+ 60. Ke5 Qb5+ 61. Ke6 Qc6+ 62. Ke5 Qc3+ 63. Ke6 Qxa5 64. Qf3+ Kc4 65. Qe4+ Kb3 66. Qf3+ Ka4 67. Qd1+ Kb4 68. Qd2+ Ka4 69. Qd1+ Ka3 70. Qd3+ Kb2 71. Qe2+ Kc3 72. Qe1+ 1-0

[Event "Preinscritos IRT Online"]
[Site "Chess.com INT"]
[Date "2020.12.26"]
[Round "10"]
[White "Wong Pages, Juan Diego"]
[Black "Santos Flores, Alberto Javier"]
[Result "0-1"]
[WhiteElo "2159"]
[BlackElo "2404"]
[PlyCount "90"]
[EventDate "2020.12.26"]
[EventType "swiss"]
[EventRounds "11"]
[EventCountry "ECU"]
[SourceTitle "CBM 200 Extra"]
[Source "ChessBase"]
[SourceDate "2021.03.31"]
[SourceVersion "1"]
[SourceVersionDate "2021.03.31"]
[SourceQuality "1"]

1. e4 c5 2. Nf3 Nc6 3. d4 cxd4 4. Nxd4 g6 5. Nc3 Bg7 6. Be3 Nf6 7. Bc4 0-0 8. Bb3 d6 9. f3 Bd7 10. h4 h5 11. Qd2 Rc8 12. 0-0-0 Ne5 13. Bg5 Rc5 14. Rhe1 b5 15. f4 Nc4 16. Bxc4 Rxc4 17. e5 b4 18. Nce2 Qa5 19. Nb3 Qxa2 20. exf6 exf6 21. Qd3 Rfc8 22. Ned4 fxg5 23. Re7 Bg4 24. Re8+ Rxe8 25. Qxc4 Bxd1 26. Kxd1 Qb1+ 27. Nc1 Qxb2 28. Nf3 g4 29. Nd2 Qd4 30. Qxd4 Bxd4 31. Ndb3 Be3 32. Nd3 Bc5 33. Ndxc5 dxc5 34. Nxc5 a5 35. Kc1 Re2 36. g3 Re3 37. Nb7 a4 38. Kb2 Rxg3 39. Nc5 a3+ 40. Ka2 Rc3 41. Ne4 Rxc2+ 42. Ka1 Re2 43. Nf6+ Kg7 44. Nd5 b3 45. Nc3 Re1+ 0-1